|
|
|
|
| LEADER |
00000nab a2200000 a 4500 |
| 001 |
vtls000519983 |
| 003 |
SK-MaSNL |
| 005 |
20260303231536.0 |
| 008 |
120928c1994 xo 0 slo |
| 015 |
|
|
|a SNBRB19rr/mm-uuuuu
|
| 035 |
|
|
|a CL0520121
|
| 040 |
|
|
|a SNKBUCL
|b slo
|c SNKBUCL
|e AACR2
|
| 041 |
0 |
|
|a slo
|
| 044 |
|
|
|a xo
|c SK
|
| 080 |
|
|
|a 82:929:885.4
|2 1981
|
| 080 |
|
|
|a 885.4:929
|2 1981
|
| 100 |
1 |
|
|a Balák, Štefan,
|d 1944-2014
|4 aut
|9 102338
|
| 245 |
1 |
0 |
|a Štefan Balák
|c Štefan Balák, Alexander Halvoník
|
| 300 |
|
|
|b Fotogr. 1
|
| 500 |
|
|
|a Súčasťou rozhovoru básne zo zb. Srdcom si svietim
|
| 600 |
1 |
7 |
|a Balák, Štefan,
|d 1944-2014
|2 snkbucl
|9 102338
|
| 655 |
|
7 |
|a články z novín a časopisov
|2 snkbucl
|9 267496
|
| 655 |
|
7 |
|a články z odboru literárna veda a krásna literatúra
|2 snkbucl
|9 770045
|
| 700 |
1 |
|
|a Halvoník, Alexander,
|d 1945-
|4 aut
|9 103645
|
| 773 |
0 |
|
|t Knižná revue
|g Roč. 4, č. 11 (1994), s. 4
|
| 850 |
|
|
|a Slovenská národná knižnica v Martine
|a MTA001
|
| 852 |
|
|
|a SNK
|b KIS3GCP
|
| 958 |
|
|
|a RK
|
| 958 |
|
|
|a LX
|
| 992 |
|
|
|a RBX
|
| 999 |
|
|
|c 2267366
|d 2269296
|